Statystyki dla Autobusy w Polsce

Kliknij tutaj aby rozwiązać quiz!

Ogólne statystyki

  • Ten quiz został rozwiązany 448 razy
  • Średni wynik to 11 z 28

Statystyki odpowiedzi

Odpowiedź% Poprawnych
Warszawa
80%
Katowice
74%
Poznań
65%
Kraków
60%
Lublin
58%
Szczecin
58%
Wrocław
57%
Gdańsk
54%
Bydgoszcz
52%
Tychy
50%
Gdynia
45%
Łódź
44%
Białystok
42%
Częstochowa
41%
Olsztyn
40%
Toruń
40%
Jaworzno
38%
Zielona Góra
36%
Gorzów Wielkopolski
32%
Kielce
29%
Bielsko Biała
24%
Rybnik
22%
Opole
18%
Piła
15%
Zagłębie
12%
Suwałki
10%
Tomaszów Mazowiecki
8%
Zamość
8%

Rozkład punktacji

Percentyl według liczby udzielonych odpowiedzi

Procent ludzi z każdym wynikiem

Twoja historia wyników

Nie rozwiązałeś tego quizu